| 000 | 00949nam a22002777a 4500 | ||
|---|---|---|---|
| 005 | 20250807155653.0 | ||
| 008 | 250807b |||||||| |||| 00| 0 eng d | ||
| 020 | _a978-0-19-068001-5 (hbk) | ||
| 037 | _cREF | ||
| 040 |
_aAL _cAL |
||
| 041 |
_2ENG _aENG |
||
| 084 |
_aV73:19(zP)g Q8 _qAL |
||
| 100 |
_aReveron, Derek S. _9817474 |
||
| 245 | _aOxford handbook of U.S. national security | ||
| 260 |
_aOxford, UK: _bOxford University Press, _c2018. |
||
| 300 | _axx,677p. | ||
| 365 |
_b7500.00 _cINR |
||
| 650 |
_aUNITED STATES - HISTORY _931585 |
||
| 650 | _aSECURITIES | ||
| 650 |
_aUNITED STATES - FOREIGN RELATIONS _932973 |
||
| 700 |
_aReveron, Derek S. _eEditor _9817474 |
||
| 700 |
_aGvosdev, Nikolas K. _eEditor _9817475 |
||
| 700 |
_aCloud, John A. _eEditor _9817476 |
||
| 942 |
_2CC _cREF _hV73:19(zP)g Q8 _n0 |
||
| 999 |
_c1434618 _d1434618 |
||